000 00783cab a2200193 4500
001 ABS43541
008 090401t1990 xxu||||| |||| 00| 0 eng d
035 _a(Sirsi) u42283
041 _aeng
245 _aProposed Bills procedures are "too narrow and ambiguous"
260 _c1990
350 _a0
490 _aChartered Surveyor Weekly
_v33(3) 18 October 1990, 138(1)
520 _aReviews the RICS response to the Government consultation paper on private bills "Private bills and new procedures", recognising an improvement in the system but concerned that some projects would be subject to delay and uncertainty. They recommend a system similar to the Scottish Provisional Order system.
650 _aPRIVATE BILLS
690 _aLAW
942 _n0
948 _c04/03/1997
999 _c27148
_d27148